High temperature oxidation of aluminium based alloys
Saved in:
| Main Author: | |
|---|---|
| Other Authors: | |
| Format: | Manuscript Book |
| Language: | Slovak English |
| Published: |
2019
|
| Subjects: | |
| Online Access: | http://is.stuba.sk/zp/portal_zp.pl?podrobnosti=143709 |
| Tags: |
No Tags, Be the first to tag this record!
|
MARC
| LEADER | 00000ntm a22000003a 4500 | ||
|---|---|---|---|
| 001 | stuzp73821 | ||
| 003 | SK-STU | ||
| 005 | 20190608212424.5 | ||
| 007 | ta | ||
| 008 | 150427s2015----xo-----f-mn---000-0-slo-d | ||
| 040 | |a STU |b slo | ||
| 041 | 0 | |a eng | |
| 100 | 1 | |a Šulhánek, Patrik |u 061000 |k Z4 |4 aut |U MTF Materiálovotechnologická fakulta |T MTF Ústav materiálov |X 65175 |U M1000 |Y 81 |7 65175 | |
| 242 | 0 | 1 | |a Vysokoteplotná oxidácia zliatin na báze hliníka |y slo |
| 245 | 1 | 0 | |a High temperature oxidation of aluminium based alloys |
| 260 | |c 2019 | ||
| 650 | 4 | |a vysokoteplotná oxidácia |2 slo | |
| 650 | 4 | |a termogravimetrická analýza |2 slo | |
| 650 | 4 | |a hliníkové zliatiny |2 slo | |
| 650 | 4 | |a high temperature oxidation |2 eng | |
| 650 | 4 | |a thermogravimetric analysis |2 eng | |
| 650 | 4 | |a aluminium alloys |2 eng | |
| 700 | 1 | |a Drienovský, Marián |u 061000 |k Z2 |4 ths |U MTF Materiálovotechnologická fakulta |T MTF Ústav materiálov |X 34542 |U M1000 |Y 81 |7 A000034542 | |
| 856 | 4 | |u http://is.stuba.sk/zp/portal_zp.pl?podrobnosti=143709 | |
| 996 | |c M* DP-13841 |l MMSKP |s P |a 0 |w stuzp73821_0001 | ||